000 00640nam a22002177a 4500
003 UA-OsUOA
001 104767
007 ta
008 20140129b un ||||| |||| 00| 0 ukr d
100 _aТомильцева Д.А.
090 _a32
_bТ56
942 _cSA
040 _aUA-OsUOA
_brus
_cUA-OsUOA
_dUA-OsUOA
245 _aПримирение как воспроизводство мира: теоретические возможности переосмысления
300 _aС.36-49
955 _a0
041 _arus
080 _a32
773 0 _w104765
_tПолития
_dМ.
_d2013
_g4
650 7 _a32 Політика
_2UDC
999 _c391012
_d391012